01094nam a22003257a 450000500170000000800410001701000100005801100100006803500100007808200180008811000080010624500800011426000230019430000100021749000450022759000410027259000410031359000410035459000420039565000350043765000410047265000390051365000320055270000290058470000240061383000520063790100070068994900550069699900170075120220817043021.0971010s1987 r 00010 d a62842 a63814 a68289 a636.08243bF3 aFAO1 aCrossbreeding Bos indicus and Bos taurus for milk production in the tropics aRoma :bFAO,c1987 a90 p. 0aFAO. Producción y sanidad animalv; 68 aBATCH-UPDb10c20130110lUCH01h0520 aBATCH-UPDb10c20130410lUCH01h0159 aBATCH-UPDb10c20130914lUCH01h1138 aCONVERSIONb10c20130109lUCH01h133414aGanado lecheroxCruzas.94525314aGanado lecheroxMejoramiento.94527414aGanado lecheroxTrópicos.94530314aLechexProducción.9654000 aCunningham, E. P.9304580 aSyrstad, O.9111160 0aFAO. Producción y sanidad animalv; 68939655 aBK a636.08243 F3bZcLIBROd-402eLIBROh635i68289si c62842d62842